Makroekonomické nerovnováhy v eurozóně a (ne)možnost jejich překonání
Vývoj makroekonomických ukazovateľov eurozóny, Európskej únie a USA v rokoch 2007-2014. Neuspokojivé výsledky protikrízovej politiky v eurozóne. Zväčšovanie makroekonomických rozdielov medzi štátmi eurozóny. Vývoj makroekonomických ukazovateľov Grécka, Cypru, Írska, Portugalska a Španielska v rok...
Salvato in:
| Autore principale: | |
|---|---|
| Natura: | Capitolo di libro |
| Lingua: | ceco |
| Soggetti: | |
| Tags: |
Nessun Tag, puoi essere il primo ad aggiungerne!!
|
MARC
| LEADER | 00000naa a2200000 4500 | ||
|---|---|---|---|
| 001 | 0197584 | ||
| 005 | 20220713125902.6 | ||
| 041 | 0 | |a cze | |
| 044 | |a CZ | ||
| 245 | 1 | 0 | |a Makroekonomické nerovnováhy v eurozóně a (ne)možnost jejich překonání |c Jiří Malý |
| 520 | |a Vývoj makroekonomických ukazovateľov eurozóny, Európskej únie a USA v rokoch 2007-2014. Neuspokojivé výsledky protikrízovej politiky v eurozóne. Zväčšovanie makroekonomických rozdielov medzi štátmi eurozóny. Vývoj makroekonomických ukazovateľov Grécka, Cypru, Írska, Portugalska a Španielska v rokoch 2007-2014. | ||
| 610 | 2 | 0 | |a nerovnováha hospodárska |
| 610 | 2 | 0 | |a eurozóna |
| 610 | 2 | 0 | |a ukazovatele makroekonomické |
| 610 | 2 | 0 | |a USA |
| 610 | 2 | 0 | |a Grécko |
| 610 | 2 | 0 | |a Írsko |
| 610 | 2 | 0 | |a Cyprus |
| 610 | 2 | 0 | |a Španielsko |
| 610 | 2 | 0 | |a analýza komparatívna |
| 100 | 1 | |a Malý, Jiří | |